| 000 | 00729nam a2200205 a 4500 | ||
|---|---|---|---|
| 001 | 000048908 | ||
| 005 | 20201002061513.0 | ||
| 008 | 190314s2016 dr ac 000 0 spa d | ||
| 020 | _a9789945895810 | ||
| 040 |
_aDO-SdBNP _bspa _cBNPHU |
||
| 082 |
_axxx _bB142 |
||
| 100 | 1 |
_aBáez, Carlos _925702 |
|
| 245 | 1 | 0 |
_aTrujillo en 500 tuits / _cCarlos Báez ; presentación Luisa De Peña Díaz. |
| 260 |
_aSanto Domingo, : _bMuseo Memorial de la Resistencia Dominicana, _c2016. |
||
| 300 |
_a242 p. ; : _bil., retrs. ; _c23 cm. |
||
| 504 | _aBibliografía p: 221-234 | ||
| 500 | _aIncluye datos biografícos del autor en la solapa de la portada. | ||
| 590 | _aInventariado, 2019/YL | ||
| 700 | 1 | 2 |
_aDe Peña Díaz, Luisa _epres. _976347 |
| 999 |
_c48396 _d48396 |
||